[Event "Paris-ch op-C 87th"]
[Site "Paris"]
[Date "2012.07.11"]
[Round "3"]
[White "Delerme, Raymond"]
[Black "Marceau, Amaury"]
[Result "0-1"]
[WhiteElo "1752"]
[BlackElo "1843"]
[PlyCount "114"]
[EventDate "2012.07.07"]
[EventType "swiss"]
[EventRounds "9"]
[EventCountry "FRA"]
[SourceTitle "EXT 2014"]
[Source "ChessBase"]
[SourceDate "2013.11.20"]
[SourceVersion "1"]
[SourceVersionDate "2013.11.20"]
[SourceQuality "1"]

1. d4 Nf6 2. c4 g6 3. Nc3 Bg7 4. e4 d6 5. f3 0-0 6. Be3 Nc6 7. Nge2 a6 8. a4 Rb8 9. Ng3 Nb4 10. Be2 c5 11. dxc5 dxc5 12. Bxc5 Qxd1+ 13. Rxd1 Nc6 14. Kf2 b6 15. Be3 Na5 16. Nd5 Nxd5 17. cxd5 Nb3 18. Bc4 Nc5 19. b3 Bd7 20. Ne2 b5 21. axb5 axb5 22. Bxc5 bxc4 23. bxc4 Rfc8 24. Bxe7 Rxc4 25. Rc1 Ra4 26. Rc2 f5 27. Bd6 Re8 28. Ng3 Bd4+ 29. Ke2 Bb5+ 30. Kd2 Bb6 31. Ne2 fxe4 32. fxe4 Raxe4 33. Nc3 Be3+ 34. Ke1 Rc4 35. Kd1 Rd4+ 36. Ke1 Bd3 37. Ra2 Bc4 38. Rc2 Ra8 39. Ra2 Bxa2 40. Ke2 Bd2 41. Nxa2 Rxa2 42. Kf3 Rxd5 43. Bg3 Rf5+ 44. Ke4 Ra4+ 45. Kd3 Bf4 46. Rb1 Bxg3 47. hxg3 Ra3+ 48. Ke4 Rxg3 49. Rb7 Rxg2 50. Ra7 Rg4+ 51. Ke3 h5 52. Rb7 h4 53. Rb1 h3 54. Rh1 Ra4 55. Rh2 Rb5 56. Rd2 h2 57. Rd1 Rb3+ 0-1